Countries with the most Airports with Paved Runways - Statistics

General Stats
  • This quiz has been taken 17 times
  • The average score is 18 of 20
Answer Stats
Airports with Paved Runways Country % Correct
349 Australia
100%
698 Brazil
100%
523 Canada
100%
510 China
100%
594 Russia
100%
271 United Kingdom
100%
5054 United States
100%
161 Argentina
93%
294 France
93%
318 Germany
93%
253 India
93%
186 Indonesia
93%
142 Japan
93%
140 Iran
87%
243 Mexico
87%
108 Pakistan
87%
130 South Africa
80%
149 Sweden
73%
121 Colombia
67%
127 Venezuela
47%
No matching quizzes found
Score Distribution
Percent of People with Each Score
Percentile by Number Answered
Your Score History
You have not taken this quiz